[Event "Landesklasse Ost 2012/2013"]
[Site "?"]
[Date "2013.01.27"]
[Round "6"]
[White "Möller, Frank"]
[Black "Steinmüller, Johannes"]
[Result "0-1"]
[WhiteElo "1679"]
[BlackElo "1761"]
[PlyCount "98"]
[EventDate "2013.??.??"]
[WhiteTeam "Erfurter Schachklub"]
[BlackTeam "ESV Gera"]

1. e4 c5 2. c3 Nf6 3. e5 Nd5 4. d4 cxd4 5. Nf3 Nc6 6. Bc4 e6 7. Bxd5 exd5 8.
O-O d6 9. exd6 Qxd6 10. Nxd4 a6 11. Be3 Be7 12. Nd2 O-O 13. f4 Nxd4 14. Bxd4
Bf6 15. Nb3 Rd8 16. Qd3 Bd7 17. Rad1 Bb5 18. Qg3 Bxf1 19. Kxf1 Rac8 20. Qf2
Bxd4 21. Nxd4 Qc5 22. Qg3 Rd6 23. Qg5 Rg6 24. Qe5 Qd6 25. Qxd6 Rxd6 26. Nf5 Rd7
27. Rxd5 Rxd5 28. Ne7+ Kf8 29. Nxd5 Rd8 30. Ne3 b5 31. Ke2 g6 32. Nc2 Rd6 33.
Nd4 Ke7 34. Ke3 f5 35. h3 Kf6 36. g4 fxg4 37. hxg4 h5 38. Kf3 Rd8 39. Kg3 b4
40. gxh5 bxc3 41. bxc3 gxh5 42. Kh4 Rc8 43. Ne2 Kg6 44. Kg3 Rc4 45. Kh4 Ra4 46.
Nd4 Rxa2 47. f5+ Kh6 48. Nc6 Ra4+ 49. Kh3 Rc4 0-1

[Event "Landesklasse Ost 2012/2013"]
[Site "?"]
[Date "2013.01.27"]
[Round "6"]
[White "Kupper, Matthias"]
[Black "August, Christian"]
[Result "0-1"]
[WhiteElo "1772"]
[BlackElo "1946"]
[PlyCount "70"]
[EventDate "2013.??.??"]
[WhiteTeam "ESV Gera"]
[BlackTeam "Erfurter Schachklub"]

1. e4 e5 2. Nf3 Nc6 3. Bc4 Be7 4. Nc3 Nf6 5. d3 O-O 6. O-O d6 7. h3 Na5 8. Bb3
Nxb3 9. axb3 c5 10. Be3 Re8 11. Qd2 Bf8 12. Bg5 h6 13. Bh4 Be7 14. Bg3 Be6 15.
Ne2 Nh5 16. Bh2 g5 17. h4 g4 18. Nxe5 dxe5 19. Qxh6 Nf4 20. Bxf4 exf4 21. Nxf4
Bxh4 22. Nxe6 Rxe6 23. Qf4 Rg6 24. g3 Bf6 25. e5 Bg7 26. Rae1 Qd4 27. Re4 Qxb2
28. Qf5 Re8 29. Rf4 Rxe5 30. Qxf7+ Kh7 31. Kg2 Rh5 32. Rxg4 Qf6 33. Qe8 Qe6 34.
Qxg6+ Qxg6 35. Rxg6 Kxg6 0-1

[Event "Landesklasse Ost 2012/2013"]
[Site "?"]
[Date "2013.01.27"]
[Round "6"]
[White "Schmidt, Lothar"]
[Black "Jank, Kevin"]
[Result "1/2-1/2"]
[WhiteElo "1957"]
[BlackElo "1650"]
[PlyCount "85"]
[EventDate "2013.??.??"]
[WhiteTeam "SV Schott Jena"]
[BlackTeam "SG Arnstadt-Stadtilm"]

1. d4 Nf6 2. Nf3 d5 3. Bf4 g6 4. Nbd2 Bg7 5. e3 Nbd7 6. h3 Ne4 7. g4 e6 8. g5
Nd6 9. c3 Qe7 10. Qb3 c6 11. Qa3 Nf5 12. Qxe7+ Kxe7 13. Bd3 Nd6 14. c4 h6 15.
O-O-O dxc4 16. Bxc4 Nb6 17. Bd3 Nd5 18. Bg3 hxg5 19. Nxg5 Nf5 20. Bxf5 exf5 21.
Nc4 f6 22. Nf3 f4 23. Bxf4 Nxf4 24. exf4 Bxh3 25. d5 b5 26. Ne3 cxd5 27. Nxd5+
Kf7 28. Ne3 Be6 29. b3 Rad8 30. Rxh8 Rxd1+ 31. Kxd1 Bxh8 32. Nd4 Bd7 33. f5
gxf5 34. Nexf5 Kg6 35. Nd6 a6 36. Ke2 f5 37. Nf3 a5 38. Kd3 a4 39. bxa4 bxa4
40. Kc4 Be6+ 41. Kb4 Bxa2 42. Kxa4 Bd5 43. Nh4+ 1/2-1/2

[Event "Landesklasse Ost 2012/2013"]
[Site "?"]
[Date "2013.01.27"]
[Round "6"]
[White "Zeising, Benjamin"]
[Black "Bunke, Wilfried"]
[Result "0-1"]
[WhiteElo "1773"]
[BlackElo "1944"]
[PlyCount "150"]
[EventDate "2013.??.??"]
[WhiteTeam "SG Arnstadt-Stadtilm"]
[BlackTeam "SV Schott Jena"]

1. e4 e6 2. f4 d5 3. e5 c5 4. b4 cxb4 5. a3 Nc6 6. axb4 Bxb4 7. c3 Be7 8. Qg4
Kf8 9. d4 Bd7 10. Bd3 Rc8 11. Ne2 h5 12. Qf3 g6 13. O-O Nh6 14. Nd2 Na5 15. Ba3
b6 16. h3 Bc6 17. Rfb1 Rc7 18. Bc1 Nc4 19. g4 hxg4 20. hxg4 Kg7 21. Ng3 Bh4 22.
f5 exf5 23. gxf5 Qg5 24. Ndf1 Qd8 25. f6+ Kg8 26. Ne3 Nxe5 27. dxe5 d4 28. Qf4
Bxg3 29. Qxd4 Rd7 30. Qc4 Rxd3 31. Qxc6 Bxe5 32. Rxa7 Qxf6 33. Ra8+ Kg7 34.
Qxf6+ Bxf6 35. Rxh8 Kxh8 36. Rxb6 Bxc3 37. Rc6 Bd4 38. Kf2 Rc3 39. Rxc3 Bxc3
40. Nd5 Bd4+ 41. Kf3 Kg7 42. Ne7 Ng8 43. Nc6 Ba1 44. Nb4 Ne7 45. Kg4 Bc3 46.
Nd3 Nd5 47. Kf3 f5 48. Kg3 Kf6 49. Kh4 Kf7 50. Kg3 Kf6 51. Kh4 Nb4 52. Nc5 Be1+
53. Kh3 g5 54. Bb2+ Kg6 55. Be5 Nd5 56. Nd3 Bc3 57. Bd6 Kh5 58. Bb8 Bd2 59. Kg3
Ba5 60. Kf3 Bc7 61. Ba7 g4+ 62. Kf2 Kh4 63. Kg1 Bb6+ 64. Bxb6 Nxb6 65. Kg2 Nd5
66. Kh2 f4 67. Ne1 Ne3 68. Nd3 f3 69. Kh1 Kg3 70. Kg1 Nd1 71. Kf1 Kh2 72. Ne1
f2 73. Nf3+ Kg3 74. Nd2 Ne3+ 75. Ke2 f1=Q+ 0-1

[Event "Landesklasse Ost 2012/2013"]
[Site "?"]
[Date "2013.01.27"]
[Round "6"]
[White "Seifert, Michael"]
[Black "Habl, Klaus"]
[Result "1-0"]
[WhiteElo "1735"]
[BlackElo "1671"]
[PlyCount "59"]
[EventDate "2013.??.??"]
[WhiteTeam "SV Schott Jena"]
[BlackTeam "SG Arnstadt-Stadtilm"]

1. Nf3 d5 2. g3 Nf6 3. Bg2 Bg4 4. h3 Bh5 5. O-O e6 6. d3 Be7 7. Nbd2 O-O 8. e4
c5 9. Qe2 Nc6 10. c3 b5 11. g4 Bg6 12. Nh4 Rc8 13. Nxg6 hxg6 14. e5 Nd7 15. f4
b4 16. Nf3 Qc7 17. Bd2 bxc3 18. Bxc3 d4 19. Be1 a5 20. Nd2 Nb6 21. Rc1 Nb4 22.
a3 N4d5 23. Bxd5 exd5 24. Nb3 a4 25. Nxd4 Qd7 26. Nf3 c4 27. Bf2 cxd3 28. Qxd3
Nc4 29. Rc2 Rb8 30. Rxc4 1-0

[Event "Landesklasse Ost 2012/2013"]
[Site "?"]
[Date "2013.01.27"]
[Round "6"]
[White "Specht, Horst"]
[Black "Berkov, Mikhail"]
[Result "1/2-1/2"]
[WhiteElo "1569"]
[BlackElo "1829"]
[PlyCount "55"]
[EventDate "2013.??.??"]
[WhiteTeam "SG Arnstadt-Stadtilm"]
[BlackTeam "SV Schott Jena"]

1. d4 Nf6 2. Nf3 g6 3. c4 Bg7 4. Nc3 d5 5. Bg5 h6 6. Bh4 c6 7. e3 Bf5 8. cxd5
Nxd5 9. Qb3 Qa5 10. Qxb7 O-O 11. Qb3 Nd7 12. Bc4 Rab8 13. Qa4 Qxa4 14. Nxa4 e5
15. Bg3 N7b6 16. Nxb6 Rxb6 17. Nxe5 Bxe5 18. Bxe5 Rxb2 19. O-O Be4 20. Bxd5
Bxd5 21. a3 f6 22. Bd6 Re8 23. Rfb1 Re2 24. Rb8 Rxb8 25. Bxb8 a6 26. Bd6 Kf7
27. Bc5 f5 28. h4 1/2-1/2

[Event "Landesklasse Ost 2012/2013"]
[Site "?"]
[Date "2013.01.27"]
[Round "6"]
[White "Mauch, Johannes"]
[Black "Scheller, Thomas"]
[Result "0-1"]
[WhiteElo "1582"]
[BlackElo "1604"]
[PlyCount "50"]
[EventDate "2013.??.??"]
[WhiteTeam "SV Schott Jena"]
[BlackTeam "SG Arnstadt-Stadtilm"]

1. Nf3 d5 2. g3 g6 3. Bg2 Bg7 4. O-O Nf6 5. c4 e6 6. Qc2 b6 7. Nc3 Bb7 8. cxd5
exd5 9. d3 O-O 10. Rb1 d4 11. Nb5 c5 12. b4 a6 13. Na3 cxb4 14. Rxb4 Nd5 15.
Rb2 Nc6 16. Nc4 b5 17. Qb3 Rb8 18. Ncd2 Na5 19. Qd1 Nc3 20. Qe1 Re8 21. Nb1 b4
22. Bf4 Rc8 23. a3 bxa3 24. Nxa3 Qe7 25. Bd2 Qxa3 0-1

[Event "Landesklasse Ost 2012/2013"]
[Site "?"]
[Date "2013.01.27"]
[Round "6"]
[White "Flechsig, Bernd"]
[Black "Maaz, Ernst"]
[Result "1/2-1/2"]
[WhiteElo "1707"]
[BlackElo "1867"]
[PlyCount "36"]
[EventDate "2013.??.??"]
[WhiteTeam "SV Schott Jena"]
[BlackTeam "SG Arnstadt-Stadtilm"]

1. e4 c5 2. Nf3 Nc6 3. d3 g6 4. g3 Bg7 5. Bg2 Nf6 6. O-O d5 7. Qe2 Bg4 8. c3
Ne5 9. Rd1 O-O 10. Bf4 Nxf3+ 11. Bxf3 Bxf3 12. Qxf3 dxe4 13. dxe4 Qb6 14. Qe2
Rfd8 15. Rxd8+ Rxd8 16. f3 Ne8 17. Na3 Rd7 18. Be3 Qc6 1/2-1/2

[Event "Landesklasse Ost 2012/2013"]
[Site "?"]
[Date "2013.01.27"]
[Round "6"]
[White "Walter, Bernd"]
[Black "Werner, Martin"]
[Result "1/2-1/2"]
[WhiteElo "1812"]
[BlackElo "1433"]
[PlyCount "80"]
[EventDate "2013.??.??"]
[WhiteTeam "SG Arnstadt-Stadtilm"]
[BlackTeam "SV Schott Jena"]

1. e4 d5 2. exd5 Nf6 3. d4 Nxd5 4. c4 Nf6 5. Nc3 e6 6. Nf3 c5 7. Be2 Nc6 8. d5
exd5 9. cxd5 Ne7 10. O-O Nexd5 11. Bc4 Be6 12. Nxd5 Bxd5 13. Bb5+ Bc6 14. Bxc6+
bxc6 15. Re1+ Be7 16. Qe2 Nd5 17. Bg5 f6 18. Bh4 Qd7 19. Rad1 Kf7 20. Bg3 Rhe8
21. Qc4 Rad8 22. Rc1 Qb7 23. b3 Qb5 24. Qh4 Qd3 25. Qa4 Qb5 26. Qh4 Qd3 27.
Red1 Qf5 28. Qc4 Qd7 29. Be5 Kf8 30. Bb2 Qb7 31. g3 Nb4 32. a3 Rxd1+ 33. Rxd1
Nd5 34. Rd3 Rd8 35. Qe4 Kg8 36. Nd2 Qd7 37. g4 Re8 38. Rh3 h6 39. Nf3 Bd6 40.
Qc4 Qf7 1/2-1/2

[Event "Landesklasse Ost 2012/2013"]
[Site "?"]
[Date "2013.01.27"]
[Round "6"]
[White "Eicke, Andreas"]
[Black "Mysliwiec, Jörg"]
[Result "0-1"]
[WhiteElo "1814"]
[BlackElo "2012"]
[PlyCount "106"]
[EventDate "2013.??.??"]
[WhiteTeam "Meuselwitzer SV"]
[BlackTeam "SSV Vimaria 91 Weimar"]

1. d4 Nf6 2. Nf3 e6 3. g3 d5 4. Bg2 Be7 5. c4 O-O 6. O-O Nc6 7. b3 Ne4 8. Bb2
f5 9. e3 Bd7 10. Nc3 Be8 11. cxd5 exd5 12. a3 a5 13. Qc2 Bg6 14. Ne5 Nxe5 15.
dxe5 c6 16. f4 Bh5 17. Nxe4 dxe4 18. b4 axb4 19. axb4 Qd5 20. Qc3 Rad8 21. Rfc1
Qd2 22. Rc2 Qxc3 23. Bxc3 Bf7 24. Bf1 Ra8 25. Rcc1 Be6 26. Be2 Rfd8 27. Kf2 Kf7
28. b5 c5 29. Rxa8 Rxa8 30. Ra1 Rxa1 31. Bxa1 Bb3 32. Ke1 Ke6 33. Kd2 Kd5 34.
Kc3 Ba2 35. Bb2 Bd8 36. Ba3 g6 37. Bd1 Ba5+ 38. Kb2 Bc4 39. Bb3 Bb6 40. Kc2
Bxb3+ 41. Kxb3 c4+ 42. Kc3 Bxe3 43. Bf8 Bg1 44. h3 Bh2 45. e6 Kxe6 46. Kxc4
Bxg3 47. Bh6 Bf2 48. Bf8 Be3 49. Bh6 Bb6 50. Bf8 Bc7 51. Bh6 Bd6 52. Kd4 Be7
53. Bg7 Bf6+ 0-1

[Event "Landesklasse Ost 2012/2013"]
[Site "?"]
[Date "2013.01.27"]
[Round "6"]
[White "Rensch, Toralf"]
[Black "Kühne, Niklas"]
[Result "1/2-1/2"]
[WhiteElo "1977"]
[BlackElo "1724"]
[PlyCount "105"]
[EventDate "2013.??.??"]
[WhiteTeam "SSV Vimaria 91 Weimar"]
[BlackTeam "Meuselwitzer SV"]

1. e4 c5 2. Nf3 Nc6 3. Bb5 g6 4. O-O Bg7 5. Re1 Nf6 6. c3 O-O 7. d4 cxd4 8.
cxd4 d5 9. e5 Ne8 10. h3 Qb6 11. Nc3 Nc7 12. Bf1 a6 13. Be3 Qa7 14. Rc1 Bd7 15.
Qb3 e6 16. Na4 Rfd8 17. Qb6 Nb5 18. Qxa7 Rxa7 19. Nb6 Be8 20. Red1 h6 21. Ne1
Nc7 22. Nd3 Na8 23. Nxa8 Raxa8 24. Rc2 Bf8 25. Rdc1 Kg7 26. Rc3 Rac8 27. f4 Na7
28. Nc5 Bxc5 29. Rxc5 Rxc5 30. Rxc5 Rc8 31. Rxc8 Nxc8 32. Bd2 Na7 33. Bd3 Bd7
34. Kf2 Kf8 35. f5 exf5 36. Bxh6+ Ke7 37. Bg5+ Ke6 38. Ke3 Nb5 39. Bd8 Na7 40.
h4 Nc6 41. Bf6 Nb4 42. Bb1 Bb5 43. a3 Nc6 44. b3 Na5 45. Bc2 Bf1 46. Kf2 Bb5
47. Ke3 Bf1 48. Kf4 Be2 49. Bd8 Nc6 50. Bb6 Bg4 51. Kg5 Be2 52. g3 Ne7 53. b4
1/2-1/2

[Event "Landesklasse Ost 2012/2013"]
[Site "?"]
[Date "2013.01.27"]
[Round "6"]
[White "Schmidt, Jörg"]
[Black "Weiß, Thomas"]
[Result "1-0"]
[WhiteElo "1763"]
[BlackElo "1912"]
[PlyCount "80"]
[EventDate "2013.??.??"]
[WhiteTeam "Meuselwitzer SV"]
[BlackTeam "SSV Vimaria 91 Weimar"]

1. e4 e6 2. d3 d5 3. Nd2 Nf6 4. Ngf3 c5 5. g3 Be7 6. Bg2 Nc6 7. O-O b6 8. Re1
Bb7 9. Nh4 dxe4 10. dxe4 Qc7 11. f4 O-O-O 12. c3 h6 13. f5 Ne5 14. fxe6 fxe6
15. Qc2 c4 16. Ndf3 Nd3 17. Re2 g5 18. Ng6 Bc5+ 19. Kf1 Rhg8 20. b4 cxb3 21.
axb3 Rxg6 22. b4 Bxe4 23. Rxe4 Nxe4 24. bxc5 Nexc5 25. Be3 Rf6 26. Kg1 e5 27.
Qa2 Ne4 28. Nxe5 Nxc3 29. Qa6+ Kb8 30. Nxd3 Rf7 31. Nb4 Rd6 32. Qa3 Kc8 33. Qb3
Re7 34. Bf2 Ne2+ 35. Kh1 a5 36. Nd5 Nc1 37. Nxe7+ Kd7 38. Qe3 Rd1+ 39. Bg1 Qc2
40. Bc6+ Kd6 1-0

[Event "Landesklasse Ost 2012/2013"]
[Site "?"]
[Date "2013.01.27"]
[Round "6"]
[White "Vogel, Steffen"]
[Black "Schmidt, Jens"]
[Result "1/2-1/2"]
[WhiteElo "1834"]
[BlackElo "1756"]
[PlyCount "52"]
[EventDate "2013.??.??"]
[WhiteTeam "SSV Vimaria 91 Weimar"]
[BlackTeam "Meuselwitzer SV"]

1. d4 d5 2. c4 c6 3. Nf3 Nf6 4. Nc3 e6 5. Bg5 Nbd7 6. e3 Be7 7. Rc1 O-O 8. Qc2
Ne4 9. Bf4 Ndf6 10. Bd3 Nxc3 11. bxc3 dxc4 12. Bxc4 c5 13. O-O Bd7 14. Ne5 b5
15. Be2 c4 16. Bf3 Nd5 17. Bxd5 exd5 18. e4 Be6 19. Nc6 Qd7 20. Nxe7+ Qxe7 21.
Rb1 Qd7 22. f3 f5 23. exd5 Bxd5 24. Rfe1 Rae8 25. Qf2 Rxe1+ 26. Rxe1 Re8
1/2-1/2

[Event "Landesklasse Ost 2012/2013"]
[Site "?"]
[Date "2013.01.27"]
[Round "6"]
[White "Hercher, Ralf"]
[Black "Gebuhr, Günter"]
[Result "1/2-1/2"]
[WhiteElo "1739"]
[BlackElo "1819"]
[PlyCount "41"]
[EventDate "2013.??.??"]
[WhiteTeam "Meuselwitzer SV"]
[BlackTeam "SSV Vimaria 91 Weimar"]

1. d4 Nf6 2. c4 e6 3. Nc3 Bb4 4. e3 b6 5. Bd3 Bb7 6. Nf3 O-O 7. a3 Bxc3+ 8.
bxc3 Ne4 9. Qc2 f5 10. O-O d6 11. Nd2 Nxd2 12. Bxd2 Nd7 13. f3 Qe7 14. e4 fxe4
15. Bxe4 Bxe4 16. Qxe4 Rae8 17. Qc6 Nf6 18. Rfe1 Qd7 19. Qb5 c5 20. Bf4 Qc7 21.
Rad1 1/2-1/2

[Event "Landesklasse Ost 2012/2013"]
[Site "?"]
[Date "2013.01.27"]
[Round "6"]
[White "Mitter, Frank"]
[Black "Naundorf, Johannes"]
[Result "1/2-1/2"]
[WhiteElo "1770"]
[BlackElo "1493"]
[PlyCount "67"]
[EventDate "2013.??.??"]
[WhiteTeam "SSV Vimaria 91 Weimar"]
[BlackTeam "Meuselwitzer SV"]

1. d4 Nf6 2. c4 e6 3. Nc3 b6 4. Nf3 Bb7 5. e3 d5 6. Bd3 dxc4 7. Bxc4 Be7 8. O-O
O-O 9. Qe2 Nbd7 10. e4 c5 11. Rd1 Qc8 12. Bg5 cxd4 13. Nxd4 Ne5 14. Bb3 Nc6 15.
Nxc6 Bxc6 16. Rac1 Qb7 17. f3 Rfd8 18. Bc4 a6 19. Rxd8+ Bxd8 20. a4 h6 21. Bh4
Nxe4 22. Bxd8 Nxc3 23. Rxc3 Rxd8 24. Bxa6 Qd7 25. Rd3 Qe8 26. b3 Rxd3 27. Qxd3
Qd7 28. Kf2 Qxd3 29. Bxd3 Kf8 30. Ke3 Ke7 31. Be4 Bd7 32. f4 Kd6 33. Kd4 f6 34.
g3 1/2-1/2

[Event "Landesklasse Ost 2012/2013"]
[Site "?"]
[Date "2013.01.27"]
[Round "6"]
[White "Hofmann, Harald"]
[Black "Petigk, Falk"]
[Result "0-1"]
[WhiteElo "1614"]
[BlackElo "1674"]
[PlyCount "108"]
[EventDate "2013.??.??"]
[WhiteTeam "Meuselwitzer SV"]
[BlackTeam "SSV Vimaria 91 Weimar"]

1. d4 f5 2. c4 Nf6 3. Nc3 d6 4. Nf3 g6 5. g3 Bg7 6. Bg2 O-O 7. O-O Qe8 8. Re1
Qf7 9. b3 h6 10. Bb2 c6 11. Qd2 Ne4 12. Qd3 Nxc3 13. Bxc3 Nd7 14. Rad1 Nf6 15.
Nd2 Kh7 16. e3 Bd7 17. Rf1 Rae8 18. f4 Ng4 19. h3 Nf6 20. Bf3 Bc8 21. Kg2 Nd7
22. e4 e5 23. exf5 Qxf5 24. Be4 Qe6 25. f5 gxf5 26. Bxf5+ Rxf5 27. Qxf5+ Qxf5
28. Rxf5 exd4 29. Bb2 Ne5 30. Rh5 Kg6 31. g4 Nxg4 32. hxg4 Bxg4 33. Rhh1 Bxd1
34. Rxd1 h5 35. Kf2 c5 36. Re1 Rxe1 37. Kxe1 Kf5 38. Kf2 Be5 39. Nf3 Kg4 40.
Kg2 Bf4 41. a3 h4 42. Ne1 h3+ 43. Kh1 Bg3 44. Nd3 Kf3 45. Bc1 Ke2 46. Bf4 Bxf4
47. Nxf4+ Kf3 48. Nxh3 d3 49. Kg1 d2 50. Nf2 Ke2 51. Kg2 d1=Q 52. Nxd1 Kxd1 53.
Kf3 Kc2 54. b4 Kd3 0-1

[Event "Landesklasse Ost 2012/2013"]
[Site "?"]
[Date "2013.01.27"]
[Round "6"]
[White "Schmidt, Uwe"]
[Black "Sack, Matthias"]
[Result "1-0"]
[WhiteElo "1942"]
[BlackElo "1964"]
[PlyCount "115"]
[EventDate "2013.??.??"]
[WhiteTeam "SV Medizin Erfurt"]
[BlackTeam "SV Hermsdorf"]

1. Nc3 d5 2. e4 d4 3. Nce2 e5 4. d3 c5 5. f4 Nc6 6. Nf3 Bd6 7. g3 Bg4 8. Bg2 h5
9. f5 h4 10. Nxh4 Rxh4 11. gxh4 Qxh4+ 12. Kf1 Nh6 13. h3 Bh5 14. Qe1 Be7 15. a3
Qxe1+ 16. Kxe1 Bh4+ 17. Kf1 b5 18. Bd2 f6 19. Ng1 c4 20. Bf3 Bf7 21. Be2 Rc8
22. Nf3 Bg3 23. Rg1 Bf4 24. Bxf4 exf4 25. Rxg7 Ne5 26. Nxe5 fxe5 27. Kf2 Kf8
28. Rgg1 Ng8 29. Rac1 Nf6 30. h4 Rc6 31. Bf3 Rc7 32. Rgd1 Bh5 33. b3 Bf7 34.
bxc4 bxc4 35. c3 Rb7 36. cxd4 Rb2+ 37. Kg1 Bh5 38. dxe5 Bxf3 39. exf6 Bxd1 40.
Rxd1 c3 41. Rc1 c2 42. Kf2 Ra2 43. Kf3 Rxa3 44. Rxc2 Rxd3+ 45. Kxf4 a5 46. Ra2
Rh3 47. Rxa5 Rxh4+ 48. Ke5 Rg4 49. Ra4 Kf7 50. Ra7+ Kf8 51. Rh7 Ke8 52. f7+ Ke7
53. f6+ Kf8 54. Rh8+ Kxf7 55. Rh7+ Kf8 56. Kf5 Rg1 57. Ke6 Rg8 58. Ra7 1-0

[Event "Landesklasse Ost 2012/2013"]
[Site "?"]
[Date "2013.01.27"]
[Round "6"]
[White "Hadlich, Gerald"]
[Black "Zeuner, Ulrich"]
[Result "0-1"]
[WhiteElo "1806"]
[BlackElo "1979"]
[PlyCount "46"]
[EventDate "2013.??.??"]
[WhiteTeam "SV Hermsdorf"]
[BlackTeam "SV Medizin Erfurt"]

1. e4 e5 2. Nf3 Nc6 3. Bb5 a6 4. Bxc6 dxc6 5. O-O Ne7 6. d4 exd4 7. Qxd4 Qxd4
8. Nxd4 Bd7 9. Nb3 Ng6 10. f4 Be7 11. Be3 b6 12. h3 O-O 13. N1d2 c5 14. Nf3 f6
15. f5 Nh8 16. Bf4 Rac8 17. g4 Nf7 18. Rfe1 Bc6 19. Nbd2 Rfe8 20. Kf2 b5 21. e5
fxe5 22. Nxe5 Bh4+ 23. Bg3 Bxg3+ 0-1

[Event "Landesklasse Ost 2012/2013"]
[Site "?"]
[Date "2013.01.27"]
[Round "6"]
[White "Sunderbrink, Heino"]
[Black "Moje, Hans-Jürgen"]
[Result "1/2-1/2"]
[WhiteElo "1947"]
[BlackElo "1783"]
[PlyCount "32"]
[EventDate "2013.??.??"]
[WhiteTeam "SV Medizin Erfurt"]
[BlackTeam "SV Hermsdorf"]

1. Nf3 Nc6 2. d4 d5 3. g3 Nf6 4. Bg2 e6 5. O-O Be7 6. c4 O-O 7. b3 Rb8 8. Nc3
a6 9. Bb2 Bb4 10. a3 Bxc3 11. Bxc3 Ne7 12. Nd2 c6 13. e4 Ng6 14. e5 Nd7 15.
cxd5 exd5 16. f4 f5 1/2-1/2

[Event "Landesklasse Ost 2012/2013"]
[Site "?"]
[Date "2013.01.27"]
[Round "6"]
[White "Pietzsch, Gerhard"]
[Black "Rost, Detlef"]
[Result "1/2-1/2"]
[WhiteElo "1804"]
[BlackElo "1900"]
[PlyCount "42"]
[EventDate "2013.??.??"]
[WhiteTeam "SV Hermsdorf"]
[BlackTeam "SV Medizin Erfurt"]

1. e4 c5 2. Nf3 Nc6 3. d4 cxd4 4. Nxd4 Nf6 5. Nc3 e5 6. Ndb5 d6 7. Bg5 a6 8.
Na3 b5 9. Nd5 Be7 10. Bxf6 Bxf6 11. Bd3 O-O 12. O-O Be6 13. c3 g6 14. Nxf6+
Qxf6 15. Nc2 Qg5 16. Qc1 Qe7 17. f4 exf4 18. Qxf4 Ne5 19. Be2 Rac8 20. Nd4 Bc4
21. Qf6 Rfe8 1/2-1/2

[Event "Landesklasse Ost 2012/2013"]
[Site "?"]
[Date "2013.01.27"]
[Round "6"]
[White "Nguyen, Huy Dat"]
[Black "Markowski, Erhard"]
[Result "1-0"]
[WhiteElo "1753"]
[BlackElo "1713"]
[PlyCount "51"]
[EventDate "2013.??.??"]
[WhiteTeam "SV Medizin Erfurt"]
[BlackTeam "SV Hermsdorf"]

1. e4 c5 2. Nf3 Nc6 3. Bb5 Nd4 4. Nxd4 cxd4 5. O-O Nf6 6. Re1 e6 7. c3 Bc5 8.
e5 Nd5 9. cxd4 Bxd4 10. Nc3 Ne7 11. Ne4 Bxe5 12. d4 Bc7 13. Bg5 O-O 14. d5 f6
15. d6 fxg5 16. dxc7 Qxc7 17. Nxg5 Rf5 18. Qh5 Qd8 19. Qxh7+ Kf8 20. Qh8+ Ng8
21. Nh7+ Kf7 22. Bd3 Rh5 23. Re3 Rh6 24. Rf3+ Qf6 25. Rxf6+ gxf6 26. g4 1-0

[Event "Landesklasse Ost 2012/2013"]
[Site "?"]
[Date "2013.01.27"]
[Round "6"]
[White "Pietsch, Karsten"]
[Black "Kube, Hannelore"]
[Result "1/2-1/2"]
[WhiteElo "1661"]
[BlackElo "1813"]
[PlyCount "28"]
[EventDate "2013.??.??"]
[WhiteTeam "SV Hermsdorf"]
[BlackTeam "SV Medizin Erfurt"]

1. d4 d5 2. c4 e6 3. Nc3 c6 4. e3 f5 5. Nf3 Nf6 6. g3 Be7 7. Bg2 O-O 8. O-O Qe8
9. b3 Nbd7 10. Qc2 Qh5 11. Ne2 Bd6 12. Nf4 Qe8 13. Nd3 Kh8 14. a4 Ne4 1/2-1/2

[Event "Landesklasse Ost 2012/2013"]
[Site "?"]
[Date "2013.01.27"]
[Round "6"]
[White "Eger, Axel"]
[Black "Sacher, Meik"]
[Result "1-0"]
[WhiteElo "1849"]
[BlackElo "1933"]
[PlyCount "47"]
[EventDate "2013.??.??"]
[WhiteTeam "SV Medizin Erfurt"]
[BlackTeam "SV Hermsdorf"]

1. e4 d6 2. d4 Nf6 3. Nc3 g6 4. Bg5 Bg7 5. e5 dxe5 6. dxe5 Qxd1+ 7. Rxd1 Ng4 8.
h3 f6 9. Nd5 Na6 10. Bxa6 bxa6 11. Nxc7+ Kf7 12. Nxa8 Nxe5 13. Bf4 Bb7 14. Bxe5
fxe5 15. Nc7 Rc8 16. Nd5 Rxc2 17. Ne3 Rxb2 18. Ne2 Rxa2 19. Nc1 Ra3 20. O-O a5
21. Rd7 Bc6 22. Rxa7 a4 23. Rc7 Bb5 24. Nc2 1-0

[Event "Landesklasse Ost 2012/2013"]
[Site "?"]
[Date "2013.01.27"]
[Round "6"]
[White "Pohl, Max-Richard"]
[Black "Stumm, Rainer"]
[Result "0-1"]
[WhiteElo "1002"]
[BlackElo "1632"]
[PlyCount "50"]
[EventDate "2013.??.??"]
[WhiteTeam "SV Hermsdorf"]
[BlackTeam "SV Medizin Erfurt"]

1. e4 e6 2. d4 d5 3. exd5 exd5 4. Nf3 Bd6 5. g3 Nf6 6. Bg2 c6 7. O-O O-O 8. Re1
Bf5 9. c3 h6 10. Ne5 Nbd7 11. Qf3 Be4 12. Qf4 Qc7 13. Bxe4 Nxe4 14. Qg4 Nef6
15. Qh3 Nxe5 16. dxe5 Bxe5 17. f4 Bd6 18. Be3 Rae8 19. Nd2 Rxe3 20. Rxe3 Bc5
21. Rae1 Qb6 22. Kf2 Bxe3+ 23. Rxe3 Re8 24. g4 Nxg4+ 25. Qxg4 Qxe3+ 0-1

[Event "Landesklasse Ost 2012/2013"]
[Site "?"]
[Date "2013.01.27"]
[Round "6"]
[White "Liebold, Thomas"]
[Black "Manicke, Hans-Joachim"]
[Result "0-1"]
[WhiteElo "2032"]
[BlackElo "1917"]
[PlyCount "70"]
[EventDate "2013.??.??"]
[WhiteTeam "TSV Zeulenroda"]
[BlackTeam "VfL 1990 Gera"]

1. e4 c6 2. d4 d5 3. exd5 cxd5 4. Bd3 Nf6 5. c3 Nc6 6. Bf4 g6 7. Nf3 Bg7 8. O-O
O-O 9. Nbd2 Bd7 10. Qe2 Rc8 11. h3 Re8 12. Ne5 Be6 13. Nxc6 bxc6 14. Ba6 Rc7
15. Bxc7 Qxc7 16. b4 Nh5 17. Rfe1 Bd7 18. Nf3 f6 19. c4 e5 20. cxd5 cxd5 21.
Bb5 e4 22. Rac1 Qd8 23. Nd2 Nf4 24. Qf1 Bxb5 25. Qxb5 Nd3 26. Nb3 f5 27. Red1
Nxc1 28. Rxc1 f4 29. Rc7 e3 30. fxe3 fxe3 31. Rd7 Qf6 32. Qe2 Qf5 33. Rxa7 Qe4
34. Qf1 Rf8 35. Qe1 e2 0-1

[Event "Landesklasse Ost 2012/2013"]
[Site "?"]
[Date "2013.01.27"]
[Round "6"]
[White "Katzer, Michael"]
[Black "Skibbe, Diana"]
[Result "1-0"]
[WhiteElo "1876"]
[BlackElo "1965"]
[PlyCount "49"]
[EventDate "2013.??.??"]
[WhiteTeam "VfL 1990 Gera"]
[BlackTeam "TSV Zeulenroda"]

1. d4 f5 2. e4 fxe4 3. Nc3 Nf6 4. Bg5 d5 5. Bxf6 exf6 6. Qh5+ g6 7. Qxd5 Bd6 8.
Qxe4+ Kf7 9. Bc4+ Kg7 10. O-O-O Re8 11. Qf3 Nc6 12. Nge2 Bd7 13. g4 a6 14. h4
b5 15. Bd5 b4 16. Ne4 Rc8 17. h5 f5 18. Nxd6 cxd6 19. Kb1 Qe7 20. hxg6 hxg6 21.
gxf5 Bxf5 22. Qxf5 gxf5 23. Rdg1+ Qg5 24. Rxg5+ Kf6 25. f4 1-0

[Event "Landesklasse Ost 2012/2013"]
[Site "?"]
[Date "2013.01.27"]
[Round "6"]
[White "Barth, Christian"]
[Black "Seidens, Gunter"]
[Result "0-1"]
[WhiteElo "1881"]
[BlackElo "2004"]
[PlyCount "62"]
[EventDate "2013.??.??"]
[WhiteTeam "TSV Zeulenroda"]
[BlackTeam "VfL 1990 Gera"]

1. e4 d6 2. d4 g6 3. c4 Bg7 4. Nc3 Nd7 5. f4 c5 6. d5 Bxc3+ 7. bxc3 Qa5 8. Qc2
f5 9. exf5 gxf5 10. Bd3 Nb6 11. Rb1 Bd7 12. Ne2 O-O-O 13. Bxf5 Nxc4 14. Qb3 Nb6
15. Bd3 Nf6 16. Bd2 c4 17. Bxc4 Bf5 18. Rb2 Qc5 19. Nd4 Qxc4 20. Nxf5 Qe4+ 21.
Ne3 Nfxd5 22. c4 Nxe3 23. Bxe3 Nxc4 24. Rc2 d5 25. O-O Kb8 26. Rb1 Qxe3+ 27.
Kf1 Qxb3 28. Rxb3 Rhf8 29. Rf3 e5 30. fxe5 Rxf3+ 31. gxf3 Ne3+ 0-1

[Event "Landesklasse Ost 2012/2013"]
[Site "?"]
[Date "2013.01.27"]
[Round "6"]
[White "Huster, Mike"]
[Black "Wolfram, Thomas"]
[Result "1-0"]
[WhiteElo "1913"]
[BlackElo "1721"]
[PlyCount "49"]
[EventDate "2013.??.??"]
[WhiteTeam "VfL 1990 Gera"]
[BlackTeam "TSV Zeulenroda"]

1. d4 d5 2. c4 e6 3. g3 c6 4. Bg2 f5 5. Nf3 Bd6 6. O-O Nd7 7. b3 Qe7 8. Bb2
Ngf6 9. Ne5 O-O 10. Qc1 Ne4 11. f3 Ng5 12. c5 Bc7 13. b4 Qf6 14. Qf4 Bb8 15.
Qe3 Nf7 16. f4 Qh6 17. Nxd7 Bxd7 18. Nd2 g5 19. Rf2 Kh8 20. Kh1 gxf4 21. gxf4
Ng5 22. Rg1 Ne4 23. Bxe4 fxe4 24. Rg4 e5 25. fxe5 1-0